00413nmm a2200133Ia 4500008004100000020001800041041000800059100003000067245004300097264005500140300001800195650001500213856005100228251105s9999||||xx |||||||||||||||||und|| a9789560105714 aspa aSharon Jirikils, Isaías 0aMiradas de Coaching Integrativo Vol. 1 a[Santiago de Chile, Chile] :bRil editores, c2018 a302 páginas aPsychology uhttps://public.digitaliapublishing.com/a/65390